[Event "CYCC U16U18 w"]
[Site "Ottawa CAN"]
[Date "2013.07.12"]
[Round "6"]
[White "Giblon, Rebecca"]
[Black "Foote, Joanne"]
[Result "1-0"]
[WhiteElo "1654"]
[BlackElo "1711"]
[PlyCount "69"]
[GameId "2160767909334986"]
[EventDate "2013.07.10"]
[EventType "swiss"]
[EventRounds "6"]
[EventCountry "CAN"]
[SourceTitle "EXT 2022"]
[Source "ChessBase"]
[SourceDate "2021.10.06"]
[SourceVersion "1"]
[SourceVersionDate "2021.10.06"]
[SourceQuality "1"]

1. e4 c5 2. Nf3 d6 3. d4 cxd4 4. Nxd4 Nf6 5. Nc3 a6 6. Bg5 e6 7. f4 Be7 8. Qf3 Qc7 9. O-O-O Nbd7 10. Bd3 b5 11. Rhe1 Bb7 12. Qh3 Rc8 13. a3 Nc5 14. e5 Nxd3+ 15. Rxd3 dxe5 16. Rxe5 O-O 17. Rg3 Qc4 18. Bh6 g6 19. Bxf8 Bxf8 20. Nde2 Bd6 21. Rd3 Bxe5 22. fxe5 Nh5 23. Rd4 Qc6 24. g4 Ng7 25. Qh4 Qc7 26. Ng3 Bd5 27. Nge4 Bxe4 28. Rxe4 Qc5 29. Qg3 Ne8 30. Re2 a5 31. Ne4 Qc4 32. Qf3 Qd5 33. Rf2 Rc7 34. Qf4 Rc4 35. Qxf7+ 1-0

[Event "CYCC U16U18 w"]
[Site "Ottawa CAN"]
[Date "2013.07.12"]
[Round "6"]
[White "Xiao, Alice"]
[Black "Kalaydina, Regina Veronicka"]
[Result "1/2-1/2"]
[WhiteElo "1959"]
[BlackElo "1962"]
[PlyCount "111"]
[GameId "2160767909334987"]
[EventDate "2013.07.10"]
[EventType "swiss"]
[EventRounds "6"]
[EventCountry "CAN"]
[SourceTitle "EXT 2022"]
[Source "ChessBase"]
[SourceDate "2021.10.06"]
[SourceVersion "1"]
[SourceVersionDate "2021.10.06"]
[SourceQuality "1"]

1. e4 d6 2. d4 Nf6 3. Nc3 g6 4. f3 Bg7 5. Be3 c6 6. Qd2 O-O 7. Bd3 Re8 8. Nge2 Nbd7 9. Ng3 e5 10. Nce2 d5 11. O-O exd4 12. Nxd4 Ne5 13. Nb3 dxe4 14. Nxe4 Nxe4 15. fxe4 b6 16. Qf2 Be6 17. Be2 Qe7 18. c3 Rad8 19. Nd4 Qc7 20. Nxe6 Rxe6 21. Rad1 Rxd1 22. Rxd1 Rd6 23. Bd4 c5 24. Bxe5 Rxd1+ 25. Bxd1 Bxe5 26. g3 Kg7 27. Qd2 h5 28. Qg5 Kh7 29. Qd2 Qe7 30. Qd5 Bf6 31. Bb3 Kg7 32. Bc2 Be5 33. Qd2 h4 34. Kg2 Bf6 35. Qe2 Qd6 36. Qf2 hxg3 37. hxg3 Qe6 38. Bb1 Bg5 39. Qe2 Bf6 40. Qe3 Qd6 41. Bc2 Be5 42. Bb3 b5 43. Bc2 c4 44. Qxa7 Bxg3 45. Qd4+ Be5 46. Qxd6 Bxd6 47. a4 bxa4 48. Bxa4 Bf4 49. b3 Be5 50. bxc4 Bxc3 51. Kf3 Kf6 52. Bc6 g5 53. Kg4 Bd2 54. Bd5 Be3 55. c5 Bxc5 56. Bxf7 1/2-1/2

[Event "CYCC U16U18 w"]
[Site "Ottawa CAN"]
[Date "2013.07.13"]
[Round "7"]
[White "Foote, Joanne"]
[Black "Ding, Jill"]
[Result "0-1"]
[WhiteElo "1711"]
[BlackElo "1585"]
[PlyCount "110"]
[GameId "2160767909334988"]
[EventDate "2013.07.10"]
[EventType "swiss"]
[EventRounds "6"]
[EventCountry "CAN"]
[SourceTitle "EXT 2022"]
[Source "ChessBase"]
[SourceDate "2021.10.06"]
[SourceVersion "1"]
[SourceVersionDate "2021.10.06"]
[SourceQuality "1"]

1. e4 c5 2. Nc3 d6 3. g3 Nf6 4. Bg2 g6 5. d3 Bg7 6. f4 Nc6 7. Be3 Nd7 8. Nf3 O-O 9. O-O Rb8 10. Qd2 b5 11. d4 e6 12. Rad1 b4 13. Na4 Ba6 14. Rfe1 Qa5 15. b3 c4 16. d5 c3 17. Qf2 exd5 18. Rxd5 Qc7 19. Red1 Nf6 20. Ne1 Rbd8 21. Bf3 Nxd5 22. exd5 Ne7 23. Bxa7 Ra8 24. Bd4 Bxd4 25. Qxd4 Qa7 26. Qxa7 Rxa7 27. Rd4 Rb8 28. g4 Bc8 29. Nd3 Bd7 30. Rxb4 Rxb4 31. Nxb4 Bxa4 32. bxa4 Rxa4 33. a3 Rxa3 34. Kf2 Ra4 35. Nd3 Ra2 36. Nb4 Rb2 37. Nc6 Rxc2+ 38. Ke3 Kf8 39. Kd3 Rxh2 40. Nb4 Rh3 41. Ke2 h5 42. gxh5 gxh5 43. Be4 h4 44. Nc2 Ng6 45. f5 Nf4+ 46. Kf2 Ke7 47. Nd4 Kf6 48. Nf3 Nh5 49. Kg2 Rg3+ 50. Kf2 Rg4 51. Bc2 h3 52. Ke3 Rg2 53. Kd3 h2 54. Nxh2 Rxh2 55. Kxc3 Ng3 0-1

[Event "CYCC U16U18 w"]
[Site "Ottawa CAN"]
[Date "2013.07.13"]
[Round "7"]
[White "Kalaydina, Regina Veronicka"]
[Black "Botez, Alexandra"]
[Result "0-1"]
[WhiteElo "1962"]
[BlackElo "2204"]
[PlyCount "30"]
[GameId "2160767909334989"]
[EventDate "2013.07.10"]
[EventType "swiss"]
[EventRounds "6"]
[EventCountry "CAN"]
[SourceTitle "EXT 2022"]
[Source "ChessBase"]
[SourceDate "2021.10.06"]
[SourceVersion "1"]
[SourceVersionDate "2021.10.06"]
[SourceQuality "1"]

1. c4 Nf6 2. Nc3 e6 3. d4 Bb4 4. Qc2 O-O 5. a3 Bxc3+ 6. Qxc3 b5 7. cxb5 c6 8. e3 Bb7 9. bxc6 Nxc6 10. Nf3 Rc8 11. Be2 Na5 12. Qb4 Be4 13. O-O Rb8 14. Qa4 Nb3 15. Ra2 Bb7 0-1

[Event "CYCC U16U18 w"]
[Site "Ottawa CAN"]
[Date "2013.07.13"]
[Round "7"]
[White "Vyravanathan, Sobiga"]
[Black "Giblon, Rebecca"]
[Result "0-1"]
[WhiteElo "1640"]
[BlackElo "1654"]
[PlyCount "72"]
[GameId "2160767909334990"]
[EventDate "2013.07.10"]
[EventType "swiss"]
[EventRounds "6"]
[EventCountry "CAN"]
[SourceTitle "EXT 2022"]
[Source "ChessBase"]
[SourceDate "2021.10.06"]
[SourceVersion "1"]
[SourceVersionDate "2021.10.06"]
[SourceQuality "1"]

1. e4 e5 2. Nf3 Nc6 3. Bb5 a6 4. Ba4 Nf6 5. O-O Nxe4 6. d4 b5 7. Bb3 d5 8. dxe5 Be6 9. c3 Bc5 10. Nbd2 f5 11. exf6 Nxf6 12. Re1 Qd6 13. Qe2 Kd7 14. h3 Rae8 15. Ne5+ Nxe5 16. Qxe5 Qb6 17. Rf1 Rhf8 18. Nf3 Bxh3 19. Qg3 Be6 20. Qxg7+ Kc8 21. Nd4 Rf7 22. Qh6 Ng4 23. Qd2 Qd6 24. g3 Ne5 25. Bd1 Bh3 26. Re1 Rg8 27. Kh2 Bg4 28. Bxg4+ Rxg4 29. Qe2 Bxd4 30. cxd4 Nf3+ 31. Kh1 Rh4+ 32. Kg2 Rh2+ 33. Kf1 Rh1+ 34. Kg2 Rxe1 35. Qd3 Rg1+ 36. Kh3 Qe6+ 0-1

[Event "CYCC U18"]
[Site "Ottawa CAN"]
[Date "2013.07.10"]
[Round "1"]
[White "Gagne, Zacharie"]
[Black "Inigo, Aquino"]
[Result "0-1"]
[WhiteElo "1185"]
[BlackElo "2211"]
[PlyCount "86"]
[GameId "2160767909334991"]
[EventDate "2013.07.10"]
[EventType "swiss"]
[EventRounds "6"]
[EventCountry "CAN"]
[SourceTitle "hb 2013"]

1. e4 e6 2. Nc3 d5 3. Bd3 d4 4. Nce2 c5 5. Bc4 Nc6 6. Nf3 a6 7. a3 Nf6 8. d3 Be7 9. Bf4 O-O 10. O-O b5 11. Ba2 Bb7 12. Qd2 Rc8 13. Ne5 Nxe5 14. Bxe5 Bd6 15. Bxd6 Qxd6 16. Rac1 Rfd8 17. Qg5 h6 18. Qf4 Qxf4 19. Nxf4 Nd7 20. Rfe1 g5 21. Ne2 Ne5 22. f4 gxf4 23. Nxf4 c4 24. Rcd1 cxd3 25. cxd3 Rc2 26. Re2 Rdc8 27. Bb3 R2c6 28. h3 Kf8 29. Rf2 Ke7 30. Ne2 Rd6 31. Rf4 Rg8 32. Rh4 Nf3+ 33. Kf2 Nxh4 34. g3 Ng6 35. Rc1 Ne5 36. Nf4 Rc8 37. Rg1 Rdc6 38. g4 Rc1 39. Rg2 R8c2+ 40. Kg3 Rxg2+ 41. Kxg2 Nxd3 42. Kg3 Nxb2 43. e5 Rc3+ 0-1

[Event "CYCC U18"]
[Site "Ottawa CAN"]
[Date "2013.07.10"]
[Round "1"]
[White "Marinkovic, Mate"]
[Black "Den Bok, Daniel"]
[Result "1-0"]
[WhiteElo "2231"]
[BlackElo "1493"]
[PlyCount "77"]
[GameId "2160767909334994"]
[EventDate "2013.07.10"]
[EventType "swiss"]
[EventRounds "6"]
[EventCountry "CAN"]
[SourceTitle "EXT 2022"]
[Source "ChessBase"]
[SourceDate "2021.10.06"]
[SourceVersion "1"]
[SourceVersionDate "2021.10.06"]
[SourceQuality "1"]

1. c4 Nf6 2. g3 g6 3. Bg2 Bg7 4. Nc3 O-O 5. e4 e5 6. Nge2 c5 7. d3 d6 8. O-O Nc6 9. h3 Be6 10. Nd5 Nd4 11. Nxd4 Bxd5 12. Ne2 Be6 13. f4 Qc7 14. f5 Bd7 15. g4 h6 16. Ng3 g5 17. h4 gxh4 18. Nh5 Nxh5 19. gxh5 f6 20. Qg4 Be8 21. Bxh6 Kh7 22. Be3 Rg8 23. Qxh4 Qf7 24. h6 Bh8 25. Kf2 Qh5 26. Qxh5 Bxh5 27. Bf3 Bxf3 28. Kxf3 a5 29. Rg1 b6 30. Rxg8 Rxg8 31. Rc1 a4 32. Rc3 Ra8 33. Ra3 Ra5 34. Bd2 Ra7 35. Be3 Ra5 36. b3 axb3 37. Rxa5 bxa5 38. axb3 Kg8 39. Kg4 1-0

[Event "CYCC U18"]
[Site "Ottawa CAN"]
[Date "2013.07.10"]
[Round "1"]
[White "Nasir, Pi"]
[Black "Zhang, David"]
[Result "0-1"]
[WhiteElo "1972"]
[BlackElo "2280"]
[PlyCount "48"]
[GameId "2160767909334995"]
[EventDate "2013.07.10"]
[EventType "swiss"]
[EventRounds "6"]
[EventCountry "CAN"]
[SourceTitle "hb 2013"]

1. d4 Nf6 2. Nf3 g6 3. c4 Bg7 4. Nc3 d5 5. g3 O-O 6. Bg2 dxc4 7. O-O c6 8. e4 b5 9. e5 Nd5 10. a4 b4 11. Ne4 a5 12. Qc2 Ba6 13. Nc5 c3 14. Nxa6 Nxa6 15. bxc3 bxc3 16. Ne1 Nab4 17. Qe4 Qb6 18. Rb1 Qa6 19. Ba3 Rfe8 20. Bf3 f5 21. Qe2 Qxe2 22. Bxe2 e6 23. Nd3 Bf8 24. Rb3 Nc2 0-1

[Event "CYCC U18"]
[Site "Ottawa CAN"]
[Date "2013.07.10"]
[Round "1"]
[White "Semianiuk, Konstantin"]
[Black "Florea, Alexandru"]
[Result "0-1"]
[WhiteElo "2304"]
[BlackElo "2118"]
[PlyCount "106"]
[GameId "2160767909334996"]
[EventDate "2013.07.10"]
[EventType "swiss"]
[EventRounds "6"]
[EventCountry "CAN"]
[SourceTitle "hb 2013"]

1. d4 Nf6 2. Nf3 e6 3. Nbd2 d5 4. e3 Nbd7 5. Bd3 Be7 6. b3 O-O 7. Bb2 b6 8. Ne5 Bb7 9. f4 Ne4 10. Nxe4 dxe4 11. Bb5 Nxe5 12. fxe5 Bg5 13. Qd2 a6 14. Be2 c5 15. c3 cxd4 16. cxd4 Be7 17. O-O Rc8 18. Rf2 Rc7 19. Raf1 a5 20. g3 Bb4 21. Qd1 Bd5 22. Rf4 Qc8 23. Bb5 Rc2 24. R4f2 Rxf2 25. Rxf2 Qd8 26. Rc2 Qg5 27. Qe2 f6 28. exf6 Qxf6 29. Rc1 Qg5 30. Rf1 Rf3 31. Bc1 Bd6 32. Rxf3 exf3 33. Qc2 Qg4 34. Bd3 Bxg3 35. hxg3 Qxg3+ 36. Kf1 Qh3+ 37. Ke1 Qh1+ 38. Bf1 g5 39. Qc8+ Kg7 40. Qc7+ Kg6 41. Qg3 Be4 42. Qh3 Qxh3 43. Bxh3 Bf5 44. Bf1 h5 45. Bc4 g4 46. Kf2 h4 47. e4 Bxe4 48. Bxe6 g3+ 49. Ke3 f2 50. Bh3 Bf5 51. Bf1 h3 52. Kf3 h2 53. Bg2 h1=Q 0-1

[Event "CYCC U18"]
[Site "Ottawa CAN"]
[Date "2013.07.10"]
[Round "1"]
[White "Sohal, Tanraj"]
[Black "Zhang, Zhiyuan"]
[Result "1/2-1/2"]
[WhiteElo "2263"]
[BlackElo "1983"]
[PlyCount "78"]
[GameId "2160767909334997"]
[EventDate "2013.07.10"]
[EventType "swiss"]
[EventRounds "6"]
[EventCountry "CAN"]
[SourceTitle "hb 2013"]

1. d4 d5 2. c4 c6 3. cxd5 cxd5 4. Bf4 Nf6 5. Nc3 a6 6. e3 Nc6 7. Rc1 e6 8. Bd3 Bd6 9. Bxd6 Qxd6 10. f4 b6 11. Nf3 Bb7 12. O-O O-O 13. Ne5 Rac8 14. Qe2 Nb4 15. Bb1 Ne4 16. Nxe4 dxe4 17. a3 Nc6 18. Nc4 Qd8 19. Kh1 Ne7 20. Nd2 f5 21. Nc4 a5 22. Ne5 Bd5 23. Qb5 Qd6 24. Kg1 Rc7 25. Rxc7 Qxc7 26. Qd7 Rc8 27. Kf2 Qxd7 28. Nxd7 Rc6 29. Re1 Bb3 30. Ke2 Nd5 31. Kd2 Rc7 32. Ne5 b5 33. g4 b4 34. axb4 axb4 35. Rg1 Ba4 36. h4 b3 37. gxf5 exf5 38. Rg5 Ne7 39. Rg1 Nd5 1/2-1/2

[Event "CYCC U18"]
[Site "Ottawa CAN"]
[Date "2013.07.10"]
[Round "2"]
[White "Florea, Alexandru"]
[Black "Marinkovic, Mate"]
[Result "1/2-1/2"]
[WhiteElo "2117"]
[BlackElo "2231"]
[PlyCount "97"]
[GameId "2160767909334998"]
[EventDate "2013.07.10"]
[EventType "swiss"]
[EventRounds "6"]
[EventCountry "CAN"]
[SourceTitle "hb 2013"]

1. e4 c5 2. Nf3 e6 3. b3 Nc6 4. Bb2 d6 5. c3 Nf6 6. Bd3 d5 7. Qe2 dxe4 8. Bxe4 Nxe4 9. Qxe4 Be7 10. Na3 O-O 11. Nc2 f5 12. Qe2 Bf6 13. O-O-O Qa5 14. Kb1 e5 15. d4 e4 16. Nd2 cxd4 17. cxd4 Re8 18. Nc4 Qc7 19. d5 Bxb2 20. dxc6 Bf6 21. Nd6 Rd8 22. Qc4+ Kf8 23. cxb7 Qxc4 24. bxc4 Rb8 25. c5 Bxb7 26. Kc1 Ba6 27. Nd4 Rxd6 28. cxd6 Rc8+ 29. Kb1 Bd3+ 30. Rxd3 exd3 31. Nxf5 Rc2 32. Rd1 Rb2+ 33. Kc1 Rc2+ 34. Kb1 Rxf2 35. Ne3 Rb2+ 36. Kc1 Rxa2 37. Rxd3 Ke8 38. d7+ Kd8 39. Nd5 Rxg2 40. Nb4 Rxh2 41. Nc6+ Kc7 42. d8=Q+ Bxd8 43. Nxd8 Kb6 44. Rb3+ Kc5 45. Ne6+ Kc4 46. Ra3 g6 47. Rxa7 h5 48. Rc7+ Kb4 49. Nf4 1/2-1/2

[Event "CYCC U18"]
[Site "Ottawa CAN"]
[Date "2013.07.10"]
[Round "2"]
[White "Gagne, Zacharie"]
[Black "Nasir, Pi"]
[Result "0-1"]
[WhiteElo "1185"]
[BlackElo "1972"]
[PlyCount "74"]
[GameId "2160767909334999"]
[EventDate "2013.07.10"]
[EventType "swiss"]
[EventRounds "6"]
[EventCountry "CAN"]
[SourceTitle "hb 2013"]

1. e4 e6 2. d4 d5 3. exd5 exd5 4. Nc3 Be7 5. Nf3 Nf6 6. Bf4 O-O 7. Nb5 Na6 8. Bd3 Bg4 9. h3 Bh5 10. O-O c6 11. Nc3 Nc7 12. Be2 Ne6 13. Be3 Bb4 14. Qd2 Ne4 15. Qd3 Bg6 16. Nxe4 dxe4 17. Qb3 exf3 18. Bxf3 Qe7 19. c3 Bd6 20. d5 cxd5 21. Bxd5 Nc5 22. Bxc5 Bxc5 23. Rae1 Qc7 24. Qxb7 Qxb7 25. Bxb7 Rab8 26. b4 Rxb7 27. bxc5 Bd3 28. Re5 Bxf1 29. Kxf1 g6 30. c6 Rc7 31. Rc5 Kg7 32. a4 Re8 33. Kg1 Re6 34. Rd5 Rexc6 35. Rd3 Rc4 36. a5 R4c5 37. a6 R5c6 0-1

[Event "CYCC U18"]
[Site "Ottawa CAN"]
[Date "2013.07.10"]
[Round "2"]
[White "Itkin, David"]
[Black "Sohal, Tanraj"]
[Result "1/2-1/2"]
[WhiteElo "2151"]
[BlackElo "2263"]
[PlyCount "150"]
[GameId "2160767909335000"]
[EventDate "2013.07.10"]
[EventType "swiss"]
[EventRounds "6"]
[EventCountry "CAN"]
[SourceTitle "hb 2013"]

1. e4 e6 2. d4 d5 3. Nc3 Bb4 4. Nge2 dxe4 5. a3 Bxc3+ 6. Nxc3 Nf6 7. Bg5 h6 8. Bxf6 Qxf6 9. Nxe4 Qe7 10. Bd3 Nd7 11. O-O O-O 12. Re1 b6 13. Ng3 Bb7 14. c4 Qf6 15. Be4 Bxe4 16. Rxe4 g6 17. Qd2 Qg7 18. Rae1 Rad8 19. R4e3 Nf6 20. Rd3 Rd6 21. Qf4 g5 22. Qe5 Rfd8 23. d5 Nd7 24. Qxg7+ Kxg7 25. Rde3 Nf8 26. f4 gxf4 27. Nh5+ Kh7 28. Nxf4 Ng6 29. Nxg6 Kxg6 30. dxe6 Rxe6 31. Rxe6+ fxe6 32. Rxe6+ Kg5 33. Kf2 Rd2+ 34. Re2 Rd3 35. g3 Kf5 36. Kg2 Rd4 37. c5 bxc5 38. Re7 Rd2+ 39. Kh3 Rxb2 40. Rxc7 Rc2 41. Rxa7 c4 42. Rc7 Ra2 43. Rc5+ Kg6 44. Rxc4 Rxa3 45. Kg4 Ra5 46. h4 Rb5 47. h5+ Kg7 48. Rc7+ Kg8 49. Rc6 Kg7 50. Rg6+ Kh7 51. Re6 Rg5+ 52. Kh4 Rb5 53. Re3 Rb4+ 54. g4 Kg7 55. Re7+ Kg8 56. Kg3 Rc4 57. Kf3 Rb4 58. Re4 Rb3+ 59. Kf4 Kf7 60. Ra4 Rc3 61. Ra7+ Kg8 62. Re7 Rc1 63. Kf5 Rg1 64. Re6 Kg7 65. Re7+ Kg8 66. Ra7 Rg2 67. Kg6 Rxg4+ 68. Kxh6 Rf4 69. Ra8+ Kf7 70. Kh7 Rf6 71. Ra7+ Kf8 72. Ra8+ Kf7 73. Ra1 Rf2 74. Kh6 Rf3 75. Kg5 Kg7 1/2-1/2

[Event "CYCC U18"]
[Site "Ottawa CAN"]
[Date "2013.07.10"]
[Round "2"]
[White "Zhang, David"]
[Black "Inigo, Aquino"]
[Result "1-0"]
[WhiteElo "2280"]
[BlackElo "2211"]
[PlyCount "60"]
[GameId "2160767909335003"]
[EventDate "2013.07.10"]
[EventType "swiss"]
[EventRounds "6"]
[EventCountry "CAN"]
[SourceTitle "EXT 2022"]
[Source "ChessBase"]
[SourceDate "2021.10.06"]
[SourceVersion "1"]
[SourceVersionDate "2021.10.06"]
[SourceQuality "1"]

1. e4 e6 2. d4 d5 3. e5 c5 4. c3 Qb6 5. Nf3 Nc6 6. Bd3 cxd4 7. cxd4 Bd7 8. O-O Nxd4 9. Nbd2 Bc5 10. b4 Qxb4 11. Nxd4 Bxd4 12. Rb1 Qc3 13. Nf3 Bb6 14. Rb3 Qc7 15. Qd2 Ne7 16. Qg5 Ng6 17. Ba3 Bc5 18. Rxb7 Qxb7 19. Bxc5 Rc8 20. Bd6 Ba4 21. h4 Bc2 22. Bxc2 Rxc2 23. h5 h6 24. Qg3 Ne7 25. Qxg7 Rg8 26. Qh7 Rc8 27. Rb1 Qa6 28. Nh4 Qe2 29. Bxe7 Kxe7 30. Rb7+ Rc7 1-0

[Event "CYCC U18"]
[Site "Ottawa CAN"]
[Date "2013.07.10"]
[Round "2"]
[White "Zhang, Zhiyuan"]
[Black "Semianiuk, Konstantin"]
[Result "0-1"]
[WhiteElo "1983"]
[BlackElo "2304"]
[PlyCount "102"]
[GameId "2160767909335004"]
[EventDate "2013.07.10"]
[EventType "swiss"]
[EventRounds "6"]
[EventCountry "CAN"]
[SourceTitle "hb 2013"]

1. e4 c5 2. Nf3 Nc6 3. Bb5 g6 4. Bxc6 dxc6 5. Nc3 Bg7 6. d3 Bg4 7. h3 Bxf3 8. Qxf3 e5 9. Be3 b6 10. a4 a5 11. O-O Ne7 12. Qg3 O-O 13. f4 exf4 14. Bxf4 Ra7 15. Kh1 f5 16. Be5 Bxe5 17. Qxe5 Qd4 18. Qe6+ Kg7 19. Qb3 Rb7 20. Ne2 Qd6 21. Nf4 Kh8 22. Qc3+ Qf6 23. e5 Qf7 24. d4 g5 25. Ne2 Nd5 26. Qd2 f4 27. Ra3 Qg7 28. Raf3 Re8 29. c3 Ne3 30. Rg1 cxd4 31. cxd4 Qh6 32. b3 Rg8 33. g4 Qg6 34. Ng3 Re8 35. Rc1 Rd7 36. Nf5 Nxf5 37. gxf5 Qxf5 38. Rxc6 Qe4 39. Qc3 Rxd4 40. e6 Kg8 41. Rxb6 Rd1+ 42. Kg2 g4 43. hxg4 Qe2+ 44. Rf2 Qxg4+ 45. Kh2 Qg1+ 46. Kh3 Qxf2 47. Rb5 Rh1+ 48. Kg4 Qh4+ 49. Kf5 Rf8+ 50. Ke4 f3+ 51. Kd5 Rd8+ 0-1

[Event "CYCC U18"]
[Site "Ottawa CAN"]
[Date "2013.07.11"]
[Round "3"]
[White "Den Bok, Daniel"]
[Black "Gagne, Zacharie"]
[Result "1/2-1/2"]
[WhiteElo "1493"]
[BlackElo "1185"]
[PlyCount "46"]
[GameId "2160767909335005"]
[EventDate "2013.07.10"]
[EventType "swiss"]
[EventRounds "6"]
[EventCountry "CAN"]
[SourceTitle "EXT 2022"]
[Source "ChessBase"]
[SourceDate "2021.10.06"]
[SourceVersion "1"]
[SourceVersionDate "2021.10.06"]
[SourceQuality "1"]

1. d4 d5 2. c4 c6 3. Nc3 Nf6 4. Nf3 dxc4 5. e3 b5 6. a4 a6 7. b3 cxb3 8. axb5 Be6 9. bxa6 Qc8 10. Ng5 g6 11. Ra3 c5 12. Nxe6 Qxe6 13. Qxb3 Qxb3 14. Rxb3 cxd4 15. exd4 Nxa6 16. Bxa6 Rxa6 17. Rb8+ Kd7 18. Bh6 Ra1+ 19. Nd1 Ne8 20. Bxf8 Rxf8 21. O-O f5 22. Rb7+ Kd8 23. Nc3 Rxf1+ 1/2-1/2

[Event "CYCC U18"]
[Site "Ottawa CAN"]
[Date "2013.07.11"]
[Round "3"]
[White "Inigo, Aquino"]
[Black "Luo, Zhao Yang"]
[Result "1-0"]
[WhiteElo "2211"]
[BlackElo "1943"]
[PlyCount "63"]
[GameId "2160767909335007"]
[EventDate "2013.07.10"]
[EventType "swiss"]
[EventRounds "6"]
[EventCountry "CAN"]
[SourceTitle "hb 2013"]

1. d4 d5 2. c4 e6 3. Nc3 c5 4. cxd5 exd5 5. e3 Nf6 6. Nf3 Nc6 7. Be2 Be7 8. O-O O-O 9. dxc5 Bxc5 10. b3 a6 11. Bb2 Ba7 12. Rc1 Re8 13. Na4 Ne4 14. Nd4 Ne5 15. Nc3 Bb8 16. Nf3 Nf6 17. Na4 Nfg4 18. Nxe5 Nxe5 19. Rxc8 Qxc8 20. Qxd5 Qc7 21. Rc1 Nc6 22. g3 Qe7 23. Nb6 Ra7 24. Bg4 Be5 25. Bxe5 Qxe5 26. Qd7 a5 27. Rxc6 bxc6 28. Qxa7 Rd8 29. Nc4 Qe4 30. Qxa5 Re8 31. Nd6 Rf8 32. Nxe4 1-0

[Event "CYCC U18"]
[Site "Ottawa CAN"]
[Date "2013.07.11"]
[Round "3"]
[White "Marinkovic, Mate"]
[Black "Zhang, David"]
[Result "0-1"]
[WhiteElo "2231"]
[BlackElo "2280"]
[PlyCount "54"]
[GameId "2160767909335008"]
[EventDate "2013.07.10"]
[EventType "swiss"]
[EventRounds "6"]
[EventCountry "CAN"]
[SourceTitle "hb 2013"]

1. d4 Nf6 2. Nf3 g6 3. c4 Bg7 4. g3 O-O 5. Bg2 c6 6. O-O d5 7. cxd5 cxd5 8. Ne5 Ng4 9. Nxg4 Bxg4 10. Nc3 Nc6 11. Be3 e5 12. dxe5 d4 13. Bxc6 dxc3 14. Bxb7 Rb8 15. Be4 cxb2 16. Rb1 Bxe5 17. Bxa7 Rb4 18. Qc2 Be6 19. a3 Rc4 20. Qd3 Qa5 21. Qe3 Rc3 22. Bd3 Rfc8 23. Bb6 Qd5 24. a4 Bh3 25. Be4 Qb3 26. Qg5 Bxf1 27. Qxe5 Bh3 0-1

[Event "CYCC U18"]
[Site "Ottawa CAN"]
[Date "2013.07.11"]
[Round "3"]
[White "Semianiuk, Konstantin"]
[Black "Itkin, David"]
[Result "0-1"]
[WhiteElo "2304"]
[BlackElo "2151"]
[PlyCount "21"]
[GameId "2160767909335009"]
[EventDate "2013.07.10"]
[EventType "swiss"]
[EventRounds "6"]
[EventCountry "CAN"]
[SourceTitle "hb 2013"]

1. e4 d5 2. exd5 Nf6 3. d4 Bg4 4. f3 Bf5 5. c4 e6 6. dxe6 Nc6 7. Be3 Bb4+ 8. Nc3 Qe7 9. d5 O-O-O 10. Bf4 Nxd5 11. cxd5 0-1

[Event "CYCC U18"]
[Site "Ottawa CAN"]
[Date "2013.07.11"]
[Round "3"]
[White "Sohal, Tanraj"]
[Black "Nasir, Pi"]
[Result "1-0"]
[WhiteElo "2263"]
[BlackElo "1972"]
[PlyCount "131"]
[GameId "2160767909335010"]
[EventDate "2013.07.10"]
[EventType "swiss"]
[EventRounds "6"]
[EventCountry "CAN"]
[SourceTitle "hb 2013"]

1. d4 Nf6 2. c4 c5 3. d5 e6 4. Nc3 exd5 5. cxd5 d6 6. Nf3 g6 7. Bf4 Bg7 8. Qa4+ Bd7 9. Qb3 Qc7 10. e4 O-O 11. Be2 Nh5 12. Be3 a6 13. a4 Bg4 14. O-O Nd7 15. h3 Bxf3 16. Bxf3 Nhf6 17. Rfe1 Rfe8 18. Rac1 Rab8 19. Qc2 b5 20. Nb1 Re7 21. Na3 Qc8 22. Bd2 Ne5 23. Be2 b4 24. Nc4 Nxc4 25. Bxc4 Nd7 26. b3 a5 27. Bb5 Qf8 28. f4 Bd4+ 29. Kh1 Nf6 30. Qd3 Qh6 31. Qf3 Rd8 32. Re2 Qg7 33. Rce1 Nd7 34. Rf1 f6 35. Bc4 Nb6 36. Bb5 Rf8 37. Rfe1 Na8 38. Qg3 Rd8 39. Qf3 Nc7 40. Bc6 Qf8 41. g3 Ne8 42. Kg2 Ng7 43. Qd3 Qf7 44. Qb5 Ra7 45. Qc4 Rc8 46. Bb5 Ne8 47. Rf1 Nc7 48. Bc6 Rf8 49. Ree1 Qg7 50. Re2 Rf7 51. Rf3 Ra6 52. Rd3 Re7 53. Rf3 Rb6 54. Rf1 Rb8 55. Rfe1 Rf8 56. Qd3 Qf7 57. Qf3 Qg7 58. Rh1 f5 59. Rhe1 fxe4 60. Rxe4 Rff7 61. R1e2 Kf8 62. Qg4 Ne8 63. Bxe8 Rxe4 64. Rxe4 Re7 65. Qc8 Rxe4 66. Bxg6+ 1-0

[Event "CYCC U18"]
[Site "Ottawa CAN"]
[Date "2013.07.11"]
[Round "4"]
[White "Gagne, Zacharie"]
[Black "Zhang, Zhiyuan"]
[Result "0-1"]
[WhiteElo "1185"]
[BlackElo "1983"]
[PlyCount "86"]
[GameId "2160767909343204"]
[EventDate "2013.07.10"]
[EventType "swiss"]
[EventRounds "6"]
[EventCountry "CAN"]
[SourceTitle "hb 2013"]

1. e4 c6 2. d4 d5 3. Nc3 dxe4 4. Nxe4 h6 5. Nf3 Bf5 6. Bd3 e6 7. O-O Nf6 8. Nc3 Bg4 9. Re1 Be7 10. Be3 O-O 11. h3 Bxf3 12. Qxf3 Nbd7 13. Ne4 Re8 14. Qg3 Nxe4 15. Bxe4 Kf8 16. Bh7 Nf6 17. Bd3 Rc8 18. c3 a6 19. Bf4 c5 20. Be5 Qb6 21. Rab1 Red8 22. dxc5 Qxc5 23. Bxf6 Bxf6 24. Re4 Qd5 25. Bc2 Qxa2 26. Re3 Rd2 27. Be4 Rxb2 28. Rxb2 Qxb2 29. Qd6+ Be7 30. Qd7 Rxc3 31. Rxc3 Qxc3 32. Qxb7 Qa1+ 33. Kh2 g6 34. Qb8+ Kg7 35. Qe8 Qe5+ 36. g3 Qxe4 37. Qxe7 Qe5 38. Qb7 a5 39. h4 Qd4 40. Kg2 a4 41. Qa6 Qe4+ 42. Kg1 Qb1+ 43. Kg2 Qa1 0-1

[Event "CYCC U18"]
[Site "Ottawa CAN"]
[Date "2013.07.11"]
[Round "4"]
[White "Inigo, Aquino"]
[Black "Sohal, Tanraj"]
[Result "0-1"]
[WhiteElo "2211"]
[BlackElo "2263"]
[PlyCount "66"]
[GameId "2160767909343205"]
[EventDate "2013.07.10"]
[EventType "swiss"]
[EventRounds "6"]
[EventCountry "CAN"]
[SourceTitle "hb 2013"]

1. d4 d5 2. c4 e6 3. Nc3 c6 4. Nf3 dxc4 5. a4 Bb4 6. e3 b5 7. Bd2 a5 8. axb5 Bxc3 9. Bxc3 cxb5 10. b3 Bb7 11. d5 Nf6 12. bxc4 b4 13. Bxf6 Qxf6 14. Qa4+ Kf8 15. Nd4 exd5 16. cxd5 Qb6 17. Rc1 g6 18. Qa1 Kg8 19. Bc4 h5 20. O-O Nd7 21. Ne6 fxe6 22. dxe6 Nf8 23. e7+ Kh7 24. Rfd1 Qc6 25. Bd5 Qxd5 26. Rxd5 Bxd5 27. Rc7 Nd7 28. Rxd7 Rhe8 29. Rxd5 a4 30. Rb5 b3 31. Rb7 Kh6 32. h3 Reb8 33. Qxa4 Rxb7 0-1